[Event "RUS Rapid GP Serpukhov"]
[Site "Serpukhov RUS"]
[Date "2018.02.23"]
[Round "5.7"]
[White "Fakhrutdinov, Timur"]
[Black "Ponkratov, Pavel"]
[Result "0-1"]
[WhiteTitle "FM"]
[BlackTitle "GM"]
[WhiteElo "2429"]
[BlackElo "2605"]
[WhiteFideId "24176702"]
[BlackFideId "4157800"]
[EventDate "2018.02.23"]

1. e4 c5 2. Nf3 b6 3. d4 cxd4 4. Nxd4 Bb7 5. Nc3 a6 6. Be3 e6 7. Qd2 Qc7 8.
O-O-O Bb4 9. f3 Ne7 10. Nb3 b5 11. Kb1 Bxc3 12. Qxc3 Qxc3 13. bxc3 d5 14. Na5
Bc6 15. exd5 Nxd5 16. Bd4 O-O 17. c4 bxc4 18. Bxc4 Nf4 19. Rd2 Bb5 20. g3 Ng6
21. Bb3 Nc6 22. Nxc6 Bxc6 23. Rf1 a5 24. a4 Rfc8 25. f4 Ne7 26. Kb2 Rab8 27. Be5
Rb7 28. Rfd1 Nd5 29. Ka3 f6 30. Bd4 g6 31. Bxf6 Rxb3+ 32. cxb3 Nxf6 33. Rc1 Nd5
34. Rc5 Kf7 35. Rdc2 Nb4 36. R2c4 Ke7 37. Rxa5 Nd5 38. Ra7+ Kd6 39. b4 Rb8 40.
Rxh7 Ra8 41. a5 Bb5 42. Rc5 Rb8 43. Rg7 Bd3 44. Rc3 Nxc3 0-1

[Event "RUS Rapid GP Serpukhov"]
[Site "Serpukhov RUS"]
[Date "2018.02.23"]
[Round "5.8"]
[White "Girya, Olga"]
[Black "Frolyanov, Dmitry"]
[Result "1/2-1/2"]
[WhiteTitle "WGM"]
[BlackTitle "GM"]
[WhiteElo "2482"]
[BlackElo "2567"]
[WhiteFideId "4195752"]
[BlackFideId "4151976"]
[EventDate "2018.02.23"]

1. d4 Nf6 2. c4 e6 3. Nf3 d5 4. Nc3 Bb4 5. cxd5 exd5 6. Qa4+ Nc6 7. Bg5 h6 8.
Bxf6 Qxf6 9. e3 O-O 10. Be2 Rd8 11. a3 Bf8 12. O-O Ne7 13. b4 Nf5 14. Qb3 Be6
15. Na4 a5 16. Rfc1 axb4 17. axb4 Nd6 18. Nc5 c6 19. Nxe6 Qxe6 20. b5 cxb5 21.
Bxb5 Rxa1 22. Rxa1 Rc8 23. Ne5 Rc7 24. Be2 Nc4 25. Bg4 Qe7 26. Nd3 Nxe3 27. fxe3
Qxe3+ 28. Kh1 Qxd4 29. Qd1 Rc3 30. Be2 Rc8 31. Ne1 Qf2 32. Nf3 d4 33. Bb5 Rc5
34. Bd3 Qe3 35. Qd2 b5 36. Re1 Qxd2 37. Nxd2 b4 38. Bc4 g6 39. g3 Rc8 40. Kg2
Kg7 41. Re5 Rc7 42. Rd5 Bc5 43. Kf3 Ba7 44. Rb5 Bc5 45. Bd5 d3 46. Rb7 Rxb7 47.
Bxb7 Bd4 48. Be4 Bc3 49. Nb3 d2 50. Ke2 f5 51. Bc2 Kf6 52. Nxd2 Bxd2 53. Kxd2
Ke5 54. Ke3 g5 55. Kf3 h5 56. h3 h4 57. gxh4 gxh4 58. Bb3 Kf6 59. Kf4 Kg7 60.
Kxf5 Kh8 61. Kg5 Kg7 62. Kxh4 Kh8 63. Kg5 Kg7 64. h4 Kh8 65. Kh6 1/2-1/2

[Event "RUS Rapid GP Serpukhov"]
[Site "Serpukhov RUS"]
[Date "2018.02.23"]
[Round "5.9"]
[White "Nozdrachev, Leonid"]
[Black "Popov, Ivan RUS"]
[Result "1/2-1/2"]
[WhiteTitle "FM"]
[BlackTitle "GM"]
[WhiteElo "2410"]
[BlackElo "2608"]
[WhiteFideId "24113433"]
[BlackFideId "4170350"]
[EventDate "2018.02.23"]

1. e4 c6 2. d4 d5 3. Nc3 dxe4 4. Nxe4 Bf5 5. Ng3 Bg6 6. c3 e6 7. Nh3 Bd6 8. Nf4
Qh4 9. Qf3 Nf6 10. Be2 Nbd7 11. Nh3 h6 12. Nf4 Bh7 13. Ngh5 Nxh5 14. Qxh5 Qxh5
15. Nxh5 O-O 16. Bf4 Bxf4 17. Nxf4 e5 18. dxe5 Nxe5 19. O-O-O Rfd8 20. Rxd8+
Rxd8 21. Rd1 Rxd1+ 22. Kxd1 Kf8 23. Kd2 Ke7 24. Ke3 Bb1 25. a3 g5 26. Nh5 Bg6
27. Ng3 Nd7 28. Bc4 Ne5 29. Be2 Nd7 30. Bc4 Ne5 31. Be2 Nd7 1/2-1/2

[Event "RUS Rapid GP Serpukhov"]
[Site "Serpukhov RUS"]
[Date "2018.02.23"]
[Round "5.10"]
[White "Iljiushenok, Ilia"]
[Black "Sergienko, Sergey"]
[Result "1/2-1/2"]
[WhiteTitle "IM"]
[BlackTitle "IM"]
[WhiteElo "2528"]
[BlackElo "2315"]
[WhiteFideId "24105074"]
[BlackFideId "4115791"]
[EventDate "2018.02.23"]

1. c4 Nf6 2. Nc3 e5 3. Nf3 Nc6 4. e3 Bb4 5. Qc2 O-O 6. Nd5 Be7 7. a3 a5 8. Bd3
h6 9. h4 Ng4 10. Ng5 Bxg5 11. hxg5 Qxg5 12. Nxc7 Rb8 13. Bh7+ Kh8 14. Qf5 Qxf5
15. Bxf5 d6 16. Bc2 Nf6 17. b3 Bd7 18. Bb2 Na7 19. d4 Ng4 20. dxe5 dxe5 21. Rd1
Rfd8 22. Rh4 Nc6 23. Ke2 Nf6 24. f3 Rbc8 25. Nb5 Ne8 26. Be4 f6 27. Rhh1 Be6 28.
Rxd8 Nxd8 29. Rd1 a4 30. bxa4 Bxc4+ 31. Kf2 Be6 32. f4 Bg4 33. Rd2 exf4 34. exf4
Nc6 35. Kg3 Be6 36. f5 Bb3 37. Rd7 Bxa4 38. Nc3 Ne5 39. Rxb7 Bc6 40. Re7 Nd6 41.
Bc2 Bd7 42. a4 Bxf5 43. Nb5 Rxc2 44. Nxd6 Bg6 45. Bxe5 fxe5 46. Rxe5 Ra2 47. a5
Bd3 48. Rd5 Bf1 49. Kf4 Bxg2 50. Rc5 Kh7 51. Nc4 Bf1 52. Ne3 Be2 53. Nd5 Ra4+
54. Ke5 Ra3 55. Nf4 Bf1 56. Ne6 h5 57. Kf4 Kh6 58. Nd4 Ra4 59. Ke3 g6 60. Ne6
Bg2 61. Kf2 Bb7 62. Rb5 Ba6 63. Re5 1/2-1/2

[Event "RUS Rapid GP Serpukhov"]
[Site "Serpukhov RUS"]
[Date "2018.02.23"]
[Round "5.11"]
[White "Geivondian, Arman"]
[Black "Goganov, Aleksey"]
[Result "1-0"]
[WhiteTitle "FM"]
[BlackTitle "GM"]
[WhiteElo "2380"]
[BlackElo "2564"]
[WhiteFideId "24102032"]
[BlackFideId "24109959"]
[EventDate "2018.02.23"]

1. d4 Nf6 2. Nf3 d5 3. c4 e6 4. Nc3 c6 5. cxd5 exd5 6. Bg5 Be7 7. Qc2 g6 8. e4
dxe4 9. Bxf6 Bxf6 10. Qxe4+ Qe7 11. Bc4 Bf5 12. Qxe7+ Kxe7 13. h3 Nd7 14. O-O-O
Rhd8 15. Rhe1+ Kf8 16. g4 Nb6 17. Bb3 Bd7 18. Ne4 Be7 19. Neg5 Bb4 20. Nxf7 Bxe1
21. Nxd8 Bxf2 22. Nxb7 Kg7 23. Nc5 Be8 24. Kd2 Bg3 25. Rf1 Bd6 26. Ng5 Nd5 27.
Nge6+ Kg8 28. Ne4 Bb4+ 29. Kd3 Be7 30. Bxd5 cxd5 31. Nf6+ Bxf6 32. Rxf6 Bb5+ 33.
Ke3 Bd7 34. Kf4 Rc8 35. Nc5 Be8 36. Ke5 Bf7 37. Ra6 Re8+ 38. Ne6 Re7 39. Kf6 Rb7
40. Rd6 1-0

[Event "RUS Rapid GP Serpukhov"]
[Site "Serpukhov RUS"]
[Date "2018.02.23"]
[Round "5.12"]
[White "Hasangatin, Ramil"]
[Black "Klimentov, Roman"]
[Result "1-0"]
[WhiteTitle "GM"]
[WhiteElo "2502"]
[BlackElo "2211"]
[WhiteFideId "4122160"]
[BlackFideId "4130286"]
[EventDate "2018.02.23"]

1. e4 c5 2. Nf3 e6 3. g3 d6 4. Bg2 Nf6 5. Qe2 Nc6 6. c3 Be7 7. O-O O-O 8. Re1 e5
9. d3 h6 10. Nbd2 Re8 11. a3 Bf8 12. b4 a6 13. Bb2 b5 14. d4 cxd4 15. cxd4 Bb7
16. d5 Ne7 17. Nb3 Rc8 18. Na5 Ba8 19. Bh3 Rb8 20. Rac1 g5 21. Nd2 h5 22. Rc2 g4
23. Bg2 Qb6 24. Nf1 Rec8 25. Rxc8 Rxc8 26. h3 Qc7 27. hxg4 hxg4 28. Nh2 Qd7 29.
Bc1 Rc3 30. Bg5 Nh7 31. Nxg4 Bg7 32. Bxe7 Qxe7 33. Ne3 Nf6 34. Qb2 Rc8 35. Re2
Bf8 36. Rc2 Qd7 37. Qc1 Bb7 38. Kh2 Rxc2 39. Qxc2 Bc8 40. Nf5 Ne8 41. Bh3 Qc7
42. Nc6 Bxf5 43. Bxf5 Bh6 44. Kg2 Ng7 45. Bc8 Qb6 46. Ne7+ Kf8 47. Qc6 Qd4 48.
Qxd6 Qxe4+ 49. Kh2 Bg5 50. Nc6+ Kg8 51. Qxe5 Qxe5 52. Nxe5 Bc1 53. Bxa6 Bxa3 54.
Nc6 Nf5 55. Bxb5 Nd6 56. Bd3 Kf8 57. f4 Ke8 58. Kh3 1-0

[Event "RUS Rapid GP Serpukhov"]
[Site "Serpukhov RUS"]
[Date "2018.02.23"]
[Round "5.13"]
[White "Burger, Konstantin"]
[Black "Evdokimov, Alexander A."]
[Result "1/2-1/2"]
[BlackTitle "GM"]
[WhiteElo "2138"]
[BlackElo "2502"]
[WhiteFideId "24118117"]
[BlackFideId "4139275"]
[EventDate "2018.02.23"]

1. e4 c6 2. Nc3 d5 3. Nf3 Bg4 4. h3 Bxf3 5. Qxf3 Nf6 6. g3 e6 7. Bg2 dxe4 8.
Nxe4 Nbd7 9. O-O Nxe4 10. Qxe4 Bd6 11. d4 O-O 12. c4 Re8 13. b3 e5 14. d5 c5 15.
Bb2 Qg5 16. h4 Qg6 17. Qxg6 hxg6 18. f3 Nf6 19. Rfe1 Nh5 20. Kf2 Re7 21. Bc3
Rae8 22. Rab1 f5 23. Bd2 f4 24. gxf4 exf4 25. Bh3 Rxe1 26. Bxe1 Kf8 27. Be6 Ng3
28. Bd2 Nf5 29. Bxf5 gxf5 30. Rg1 Kf7 31. Bc3 Be5 32. Bxe5 Rxe5 33. h5 Re3 34.
Rg5 Re5 35. Rg6 Re3 36. Rg5 Kf6 37. Rg6+ Kf7 38. Rd6 Ke7 39. Rg6 Kf7 40. Rg5 Kf6
41. Rg6+ 1/2-1/2

[Event "RUS Rapid GP Serpukhov"]
[Site "Serpukhov RUS"]
[Date "2018.02.23"]
[Round "5.14"]
[White "Denisov, Vladislav"]
[Black "Dvalishvili, Pavel S."]
[Result "1/2-1/2"]
[BlackTitle "IM"]
[WhiteElo "2227"]
[BlackElo "2413"]
[WhiteFideId "4100867"]
[BlackFideId "4121996"]
[EventDate "2018.02.23"]

1. e4 e5 2. Nf3 Nc6 3. Bb5 a6 4. Ba4 Nge7 5. O-O d6 6. h3 Bd7 7. d4 b5 8. Bb3
Nxd4 9. Nxd4 exd4 10. c3 c5 11. cxd4 c4 12. Bc2 g6 13. b3 cxb3 14. Bxb3 Bg7 15.
Ba3 Qb6 16. e5 b4 17. Bb2 O-O 18. Nd2 d5 19. Qf3 Be6 20. Ba4 Qa5 21. Bd1 Qb6 22.
Nb3 a5 23. Nc5 Nc6 24. Ba4 Nxe5 25. dxe5 Qxc5 26. Rfc1 Qe7 27. Bc6 Rad8 28. Bd4
Qg5 29. Re1 Rc8 30. Bxd5 Rcd8 31. Bxe6 Rxd4 32. Bb3 Bxe5 33. Rad1 Rf4 34. Qe3
Bc3 35. Re2 Qf6 36. Rd7 Bd4 37. Qd2 Bc5 38. g3 Rd4 39. Rxd4 Bxd4 40. Re4 Be5 41.
Qd5 Bc7 42. Qb7 Qd6 43. Rc4 Bb6 44. Kg2 Bd4 45. Qf3 Kg7 46. h4 h5 47. Rc6 Qe7
48. Qf4 Be5 49. Qe4 Re8 50. Rb6 Bc3 51. Qd5 Rd8 52. Rb7 Rxd5 53. Rxe7 Rf5 54. f4
Bd4 55. Kf3 Bc5 56. Rc7 Bb6 57. Rd7 Rf6 58. Rb7 Bd8 59. Rd7 Bb6 60. Rb7 Bc5 61.
Rc7 1/2-1/2

[Event "RUS Rapid GP Serpukhov"]
[Site "Serpukhov RUS"]
[Date "2018.02.23"]
[Round "5.15"]
[White "Lavrov, Maxim1"]
[Black "Moskvin, Anatoly"]
[Result "1/2-1/2"]
[WhiteTitle "IM"]
[WhiteElo "2384"]
[BlackElo "2088"]
[WhiteFideId "4166418"]
[BlackFideId "24199990"]
[EventDate "2018.02.23"]

1. e4 e5 2. Nf3 Nc6 3. Bb5 Nge7 4. c3 a6 5. Ba4 d6 6. d3 Bd7 7. Bb3 h6 8. O-O
Ng6 9. Nbd2 Be7 10. Nc4 Bg5 11. Ne3 Bxe3 12. fxe3 O-O 13. Qe1 Be6 14. Bc2 Qd7
15. Qg3 a5 16. d4 Bg4 17. h3 Bxf3 18. Rxf3 Nce7 19. Bd2 Qb5 20. Rb1 c5 21. a4
Qc6 22. d5 Qd7 23. c4 b6 24. Rbf1 f6 25. Bd1 Kh7 26. R3f2 Nh8 27. b3 Qe8 28. Bg4
Nf7 29. h4 Nd8 30. Qh3 Qf7 31. Qf3 Ng8 32. Qf5+ g6 33. Qf3 Kg7 34. Qg3 Ra7 35.
Rf3 Kh7 36. Qf2 Qg7 37. Rg3 Qf7 38. Qe2 Qe8 39. Be1 Rg7 40. Bh3 Qe7 41. Qg4 Qc7
42. Qe2 Qe7 43. Rgf3 Rff7 44. g4 g5 45. hxg5 fxg5 46. Rf5 Rg6 47. Bg3 Rgf6 48.
Bg2 Rxf5 49. exf5 Nf6 50. e4 Rg7 51. Bf3 Nf7 1/2-1/2

[Event "RUS Rapid GP Serpukhov"]
[Site "Serpukhov RUS"]
[Date "2018.02.23"]
[Round "5.16"]
[White "Krylov, Mikhail RUS"]
[Black "Zhuravlev, Stepan"]
[Result "1-0"]
[WhiteTitle "GM"]
[WhiteElo "2476"]
[BlackElo "2135"]
[WhiteFideId "4151364"]
[BlackFideId "34120197"]
[EventDate "2018.02.23"]

1. c4 e6 2. Nf3 d5 3. g3 Nf6 4. Bg2 Nbd7 5. b3 c6 6. Bb2 Be7 7. O-O O-O 8. d4 b6
9. Qc2 Bb7 10. Nc3 Rc8 11. e4 Ba8 12. e5 Ne8 13. Rad1 Nc7 14. Ne1 g6 15. Nd3 Qe8
16. Rfe1 c5 17. dxc5 dxc4 18. bxc4 Nxc5 19. Nxc5 Bxc5 20. Bxa8 Rxa8 21. Ne4 Be7
22. Ba3 Na6 23. Nf6+ Bxf6 24. Bxf8 Bxe5 25. Rxe5 Qxf8 26. h4 Nc5 27. h5 Rc8 28.
Qe2 Qg7 29. Qe3 Qf8 30. Kg2 Qe7 31. Qf3 Rd8 32. Rxd8+ Qxd8 33. Re1 Qg5 34. Rh1
gxh5 35. Rxh5 Qg6 36. Rh4 f5 37. Qa8+ Kg7 38. Qxa7+ Kf6 39. Qxb6 Ne4 40. Qd8+
Ke5 41. f4# 1-0

[Event "RUS Rapid GP Serpukhov"]
[Site "Serpukhov RUS"]
[Date "2018.02.23"]
[Round "5.17"]
[White "Kharchenko, Boris"]
[Black "Klimentov, Evgeny"]
[Result "1/2-1/2"]
[WhiteTitle "GM"]
[BlackTitle "FM"]
[WhiteElo "2464"]
[BlackElo "2232"]
[WhiteFideId "14113210"]
[BlackFideId "24128899"]
[EventDate "2018.02.23"]

1. e4 e5 2. Nf3 Nc6 3. Bb5 a6 4. Ba4 Nf6 5. O-O Be7 6. Re1 b5 7. Bb3 d6 8. c3
O-O 9. d4 Bg4 10. d5 Na5 11. Bc2 Qc8 12. h3 Bd7 13. Nbd2 c6 14. dxc6 Qxc6 15.
Nf1 Nc4 16. Ng3 Rfe8 17. Nh2 Rac8 18. Qf3 b4 19. cxb4 Nxb2 20. Bb3 Nc4 21. Bg5
Qb5 22. Nf5 Bxf5 23. Qxf5 Qxb4 24. Rec1 g6 25. Qf3 Nd2 26. Bxd2 Qxd2 27. Rxc8
Rxc8 28. Ng4 Rc1+ 29. Rxc1 Qxc1+ 30. Kh2 Qf4+ 31. Qxf4 exf4 32. Nxf6+ Bxf6 33.
Kg1 Bd4 34. Kf1 Kg7 35. Ke2 f5 36. exf5 gxf5 37. f3 Kf6 38. Kd3 Bc5 39. Bd5 Ke5
40. Kc4 a5 41. a4 Bb4 42. Bc6 h6 43. Bd5 Kf6 1/2-1/2

[Event "RUS Rapid GP Serpukhov"]
[Site "Serpukhov RUS"]
[Date "2018.02.23"]
[Round "5.18"]
[White "Arkhipenko, Daniil"]
[Black "Solozhenkin, Evgeniy"]
[Result "1/2-1/2"]
[BlackTitle "GM"]
[WhiteElo "2143"]
[BlackElo "2433"]
[WhiteFideId "4191366"]
[BlackFideId "4102266"]
[EventDate "2018.02.23"]

1. d4 g6 2. c4 d6 3. Nc3 Bg7 4. e4 Nf6 5. Nf3 O-O 6. h3 e5 7. d5 Nh5 8. g3 Qe8
9. Be2 f5 10. exf5 gxf5 11. Ng5 Nf6 12. g4 Na6 13. gxf5 Bxf5 14. Bg4 Qg6 15.
Bxf5 Qxf5 16. Qe2 Nb4 17. Nge4 Nxe4 18. Nxe4 c6 19. dxc6 Nxc6 20. Ng3 Qg6 21.
Be3 Nd4 22. Bxd4 exd4 23. O-O Rae8 24. Qg4 d3 25. Qxg6 hxg6 26. Rad1 Bxb2 27.
Rxd3 Be5 28. Ne4 Rc8 29. Rfd1 Rxc4 1/2-1/2

[Event "RUS Rapid GP Serpukhov"]
[Site "Serpukhov RUS"]
[Date "2018.02.23"]
[Round "5.19"]
[White "Sorokin, Oleg"]
[Black "Kholin, Aleksandr"]
[Result "1/2-1/2"]
[BlackTitle "FM"]
[WhiteElo "2099"]
[BlackElo "2410"]
[WhiteFideId "4198646"]
[BlackFideId "14179385"]
[EventDate "2018.02.23"]

1. e4 e5 2. Nc3 Nc6 3. g3 Bc5 4. Bg2 Nf6 5. h3 a6 6. Nge2 d6 7. d3 Be6 8. O-O h6
9. Kh2 d5 10. exd5 Nxd5 11. Nxd5 Bxd5 12. Bxd5 Qxd5 13. Nc3 Qd7 14. Be3 Be7 15.
Qf3 Rd8 16. a3 O-O 17. Qg4 f5 18. Qc4+ Kh8 19. f4 b5 20. Qa2 exf4 21. Bxf4 Nd4
22. Rf2 Bf6 23. Raf1 Rfe8 24. Qb1 a5 25. Qd1 Re7 26. Ne2 Rde8 27. Nc3 c5 28. Qh5
Kh7 29. g4 Ne2 30. Nxe2 Rxe2 31. gxf5 Rxf2+ 32. Rxf2 Be5 33. Qg6+ Kg8 34. Bxe5
Rxe5 35. f6 Re3 36. Qxg7+ Qxg7 37. fxg7 Kxg7 38. Kg2 b4 39. axb4 axb4 40. Kh2 b3
41. cxb3 Rxd3 42. Rc2 Rxb3 43. Rxc5 1/2-1/2

[Event "RUS Rapid GP Serpukhov"]
[Site "Serpukhov RUS"]
[Date "2018.02.23"]
[Round "5.20"]
[White "Bordovsky, Vladimir"]
[Black "Fadeev, Semen"]
[Result "1-0"]
[WhiteElo "2326"]
[BlackElo "2168"]
[WhiteFideId "14118467"]
[BlackFideId "4177738"]
[EventDate "2018.02.23"]

1. Nf3 e6 2. d4 f5 3. d5 Nf6 4. c4 Bc5 5. e3 Qe7 6. a3 a5 7. Nc3 e5 8. Be2 O-O
9. O-O d6 10. Rb1 Na6 11. Ne1 Ne4 12. Nxe4 fxe4 13. Bd2 Qh4 14. Qc2 Rf6 15. g3
Qh3 16. f3 exf3 17. Rxf3 Bf5 18. Bd3 Raf8 19. Bxf5 Rxf5 20. Qe4 Bb6 21. b4 axb4
22. axb4 Nb8 23. Rxf5 Rxf5 24. Nf3 Nd7 25. Qh4 Qxh4 26. Nxh4 Rf7 27. Ra1 Nf6 28.
Kg2 Ne4 29. Ra8+ Rf8 30. Rxf8+ Kxf8 31. Bc1 Ke7 32. Kf3 Ng5+ 33. Ke2 Kf6 34. Kd3
e4+ 35. Ke2 g6 36. Ba3 Nf7 37. c5 Ba7 38. Ng2 Ke5 39. Nf4 Nd8 40. g4 Kf6 41. h4
Ke7 42. Nh3 c6 43. dxc6 bxc6 44. Ng5 dxc5 45. bxc5 Nb7 46. Nxe4 Ke6 47. Ng5+ Ke5
48. Bb2+ Kd5 49. e4+ Kxc5 50. Nxh7 Kd6 51. Nf8 Nc5 52. Ba3 Ke5 53. Bxc5 Bxc5 54.
Nd7+ Kd6 55. Nxc5 Kxc5 56. h5 gxh5 57. gxh5 Kd4 58. h6 1-0

[Event "RUS Rapid GP Serpukhov"]
[Site "Serpukhov RUS"]
[Date "2018.02.23"]
[Round "5.21"]
[White "Smirnova, Ekaterina"]
[Black "Sakun, Volodymyr"]
[Result "1/2-1/2"]
[WhiteTitle "WFM"]
[BlackTitle "FM"]
[WhiteElo "2102"]
[BlackElo "2330"]
[WhiteFideId "4110943"]
[BlackFideId "14114062"]
[EventDate "2018.02.23"]

1. d4 Nf6 2. c4 e6 3. Nc3 Bb4 4. e3 O-O 5. Bd3 d5 6. Nf3 c5 7. cxd5 cxd4 8. exd4
Nxd5 9. O-O Nc6 10. Bc2 g6 11. Qd3 b6 12. Ng5 Be7 13. Qg3 Nxd4 14. Qh4 h5 15.
Qxd4 Bxg5 16. Bxg5 Qxg5 17. Ne4 Qh6 18. Bb3 Qg7 19. Qxg7+ Kxg7 20. Bxd5 exd5 21.
Nc3 Be6 22. Rfd1 Rfd8 23. Rd4 Rac8 24. Rad1 Rc5 25. f4 Rd7 26. Kf2 Kf6 27. Ke3
b5 28. a3 a5 29. R1d3 Rb7 30. Nxd5+ Kg7 31. b4 axb4 32. Nxb4 Bf5 33. Rb3 Re7+
34. Kf2 Rc1 35. h4 Rce1 36. Rd2 Bg4 37. Nd5 R7e2+ 38. Rxe2 Rxe2+ 39. Kg3 Rd2 40.
Rxb5 Rd3+ 41. Kf2 Rxa3 42. Rb2 Ra1 43. Ne3 Be6 44. Kg3 Re1 45. Kf2 Rh1 46. Kg3
Re1 47. Kf2 Rh1 48. Kg3 1/2-1/2

[Event "RUS Rapid GP Serpukhov"]
[Site "Serpukhov RUS"]
[Date "2018.02.23"]
[Round "5.22"]
[White "Smirnov, Timofey"]
[Black "Alekseev, Mikhail"]
[Result "1-0"]
[WhiteTitle "FM"]
[WhiteElo "2324"]
[BlackElo "1902"]
[WhiteFideId "24176427"]
[BlackFideId "34171069"]
[EventDate "2018.02.23"]

1. e4 c6 2. d4 d5 3. Nc3 a6 4. Nf3 Bg4 5. Be2 e6 6. O-O Nf6 7. Bg5 Be7 8. exd5
cxd5 9. h3 Bxf3 10. Bxf3 O-O 11. Ne2 Nc6 12. c3 Rc8 13. Nc1 Nd7 14. Bf4 Nb6 15.
Nd3 Bd6 16. Bc1 Nc4 17. g3 Qc7 18. Bg2 b5 19. a3 Nb6 20. f4 Rce8 21. g4 f6 22.
Be3 Nc4 23. Qe2 Nb6 24. Rae1 Qd7 25. Kh1 Qc7 26. Bg1 Kh8 27. f5 e5 28. dxe5 Nxe5
29. Nf4 Qc4 30. Bxb6 1-0

[Event "RUS Rapid GP Serpukhov"]
[Site "Serpukhov RUS"]
[Date "2018.02.23"]
[Round "6.1"]
[White "Bocharov, Dmitry"]
[Black "Grachev, Boris"]
[Result "1/2-1/2"]
[WhiteTitle "GM"]
[BlackTitle "GM"]
[WhiteElo "2594"]
[BlackElo "2653"]
[WhiteFideId "4138716"]
[BlackFideId "4129199"]
[EventDate "2018.02.23"]

1. c4 e6 2. Nf3 d5 3. e3 Nf6 4. Nc3 c5 5. cxd5 Nxd5 6. Nxd5 Qxd5 7. b3 Be7 8.
Bc4 Qd8 9. Bb2 O-O 10. O-O Nc6 11. d4 cxd4 12. Nxd4 Nxd4 13. Bxd4 Bd7 14. Qh5
Bc6 15. Rad1 Qc7 16. Bd3 g6 17. Qe2 e5 18. Bb2 Bf6 19. Bc4 Bg7 20. Bd5 Rfd8 21.
Bxc6 Qxc6 22. h3 Rac8 23. Rxd8+ Rxd8 24. Rc1 Qd7 25. Qc4 h5 26. a4 a6 27. a5 Qe7
28. Bc3 Rd7 29. Be1 Kh7 30. b4 Qd8 31. b5 axb5 32. Qxb5 Rd1 33. Rxd1 Qxd1 34.
Kf1 e4 35. Qb4 Qd5 36. Kg1 Be5 37. g3 Bd6 38. Qc3 Be5 39. Qc1 Bf6 40. Kg2 Bg7
41. h4 Be5 42. Qa3 Bd6 43. Qa4 Be5 44. Qe8 Bg7 45. Qa4 Bf6 46. Qb4 Kg7 47. Bc3 1/2-1/2

[Event "RUS Rapid GP Serpukhov"]
[Site "Serpukhov RUS"]
[Date "2018.02.23"]
[Round "6.3"]
[White "Rakhmanov, Aleksandr"]
[Black "Pridorozhni, Aleksei"]
[Result "1/2-1/2"]
[WhiteTitle "GM"]
[BlackTitle "GM"]
[WhiteElo "2655"]
[BlackElo "2570"]
[WhiteFideId "4173708"]
[BlackFideId "4127870"]
[EventDate "2018.02.23"]

1. c4 g6 2. Nc3 Bg7 3. g3 Nf6 4. Bg2 O-O 5. d3 c6 6. e4 e5 7. Nge2 Na6 8. O-O d6
9. h3 Nc5 10. f4 exf4 11. gxf4 Nh5 12. Be3 f5 13. Qd2 Be6 14. b4 Na6 15. Rab1
fxe4 16. Nxe4 Kh8 17. Nd4 Bg8 18. f5 Nc7 19. fxg6 hxg6 20. Nf3 Ne6 21. Nfg5 Nd4
22. Nf3 Nf5 23. Bf2 Qd7 24. Nh4 Nxh4 25. Bxh4 d5 26. Nc5 Qc7 27. cxd5 cxd5 28.
Qg5 b6 29. Nb3 Nf4 30. Rbe1 Rf5 31. Qg4 Raf8 32. Bg3 Qf7 33. Bxf4 Rxf4 34. Rxf4
Qxf4 35. Qxf4 Rxf4 36. Re7 Rxb4 37. Rxa7 Kh7 38. Rd7 Be6 39. Rd6 Bf5 40. Rxd5
Ra4 41. Be4 Bxe4 42. dxe4 Rxe4 43. Rb5 Re6 44. a4 Kh6 45. a5 bxa5 46. Nxa5 Bd4+
47. Kf1 Rf6+ 48. Kg2 Rf2+ 49. Kg3 Rc2 50. Nb3 Bf6 51. Nc5 Be5+ 52. Kf3 Rc3+ 53.
Ke4 1/2-1/2

[Event "RUS Rapid GP Serpukhov"]
[Site "Serpukhov RUS"]
[Date "2018.02.23"]
[Round "6.4"]
[White "Ponkratov, Pavel"]
[Black "Geivondian, Arman"]
[Result "1-0"]
[WhiteTitle "GM"]
[BlackTitle "FM"]
[WhiteElo "2605"]
[BlackElo "2380"]
[WhiteFideId "4157800"]
[BlackFideId "24102032"]
[EventDate "2018.02.23"]

1. g3 Nf6 2. Bg2 d5 3. Nf3 e6 4. O-O b6 5. c4 Bb7 6. cxd5 Nxd5 7. d4 Be7 8. e4
Nf6 9. Re1 O-O 10. Nc3 Nbd7 11. Bf4 Nh5 12. Be3 Nhf6 13. d5 exd5 14. exd5 Nc5
15. Ne5 Bd6 16. Bd4 Re8 17. b4 Ncd7 18. Nc6 Bxc6 19. dxc6 Nf8 20. Rxe8 Qxe8 21.
Bxf6 gxf6 22. Ne4 Be5 23. Qg4+ Kh8 24. Re1 Qe6 25. Qxe6 Nxe6 26. Bh3 f5 27. f4
Bd4+ 28. Nf2 Bc3 29. Rd1 Nd4 30. Rd3 Rd8 31. Bxf5 Bxb4 32. Bd7 Bc5 33. Kg2 Kg7
34. Rc3 f5 35. Nd3 Be7 36. Ne5 Nb5 37. Re3 Bc5 38. Rd3 Rf8 39. a4 Nd6 40. Rd5
Ba3 41. Kf3 a5 42. Nd3 h5 43. Re5 Rf7 44. Re3 b5 45. Ne5 Bc5 46. Nxf7 Nxf7 47.
Re2 Kf6 48. axb5 a4 49. Ra2 a3 50. b6 cxb6 51. c7 Nd6 52. Rd2 Ne4 53. Re2 Nd6
54. Re6+ 1-0

[Event "RUS Rapid GP Serpukhov"]
[Site "Serpukhov RUS"]
[Date "2018.02.23"]
[Round "6.5"]
[White "Alekseev, Evgeny"]
[Black "Hasangatin, Ramil"]
[Result "1-0"]
[WhiteTitle "GM"]
[BlackTitle "GM"]
[WhiteElo "2616"]
[BlackElo "2502"]
[WhiteFideId "4138147"]
[BlackFideId "4122160"]
[EventDate "2018.02.23"]

1. Nf3 d5 2. e3 Nf6 3. c4 c6 4. Nc3 Bg4 5. cxd5 Bxf3 6. gxf3 cxd5 7. Qa4+ Nc6 8.
Bb5 Qd7 9. Bxc6 Qxc6 10. Qxc6+ bxc6 11. b3 e6 12. Bb2 Nd7 13. Rc1 O-O-O 14. Ne2
Kb7 15. Nf4 e5 16. Nd3 Bd6 17. Ke2 Rhe8 18. h4 h5 19. f4 exf4 20. Bxg7 f6 21.
Rcg1 d4 22. Bh6 dxe3 23. dxe3 fxe3 24. Bxe3 Rg8 25. Kf3 Rde8 26. Rxg8 Rxg8 27.
Ke4 a6 28. Kf5 Rg4 29. Nf4 Bxf4 30. Bxf4 Nb6 31. f3 Rg8 32. Kxf6 Nd5+ 33. Kf7
Rg2 34. Bg5 Rxa2 35. Kg6 Rb2 36. Kxh5 Rxb3 37. f4 Kc7 38. Kg6 Rg3 39. f5 Ne7+
40. Kf6 Kd7 41. Re1 Nd5+ 42. Kg7 Nc7 43. Kh6 Rf3 44. Kg6 a5 45. h5 Nd5 46. h6
Rg3 47. f6 Nf4+ 48. Kf5 Nd5 49. h7 Rh3 50. f7 1-0

[Event "RUS Rapid GP Serpukhov"]
[Site "Serpukhov RUS"]
[Date "2018.02.23"]
[Round "6.6"]
[White "Nozdrachev, Vladislav"]
[Black "Kryakvin, Dmitry"]
[Result "0-1"]
[WhiteTitle "IM"]
[BlackTitle "GM"]
[WhiteElo "2485"]
[BlackElo "2567"]
[WhiteFideId "24113441"]
[BlackFideId "4153278"]
[EventDate "2018.02.23"]

1. e4 c6 2. Nf3 d5 3. exd5 cxd5 4. Ne5 Nd7 5. f4 e6 6. Nxd7 Bxd7 7. d4 Nf6 8.
Bd3 Qb6 9. c3 Bb5 10. O-O g6 11. Bxb5+ Qxb5 12. Nd2 Bd6 13. Nf3 Ne4 14. Ng5 Qc6
15. Be3 O-O 16. Qe1 f5 17. Qh4 Qd7 18. Rf3 Rae8 19. Rh3 Re7 20. Kh1 Rg7 21. Qh6
Nf6 22. Bd2 Be7 23. Re1 Ne4 24. Rxe4 Bxg5 25. Re1 0-1